000 00594nam a2200205 a 4500
001 000013946
005 20240530073932.0
008 091202s1996 dr 000 0 spa d
020 _a8489539332
040 _aDO-SdBNP
_bspa
_cBNPHU
082 _aRD864.44
_bT233p
100 1 _aTaveras, Fafa
_917095
245 1 0 _aCon la palabra /
_cFafa Taveras.
260 _aSanto Domingo :
_bColores,
_c1996.
300 _a452 p. ;
_c21 cm.
500 _aIncluye datos biográficos del autor en las solapas
650 0 _aEnsayos dominicanos
_965
650 0 _aLiteratura dominicana.
_967
049 _aBNPD
999 _c13551
_d13551